Most Common U.S. City Names - Statistics

General Stats
  • This quiz has been taken 33 times
  • The average score is 3 of 10
Answer Stats
# Answer % Correct
41 Springfield
89%
88 Washington
75%
24 Madison
39%
35 Franklin
21%
30 Greenville
21%
26 Salem
11%
29 Bristol
4%
29 Clinton
4%
27 Fairview
0%
23 Georgetown
0%
No matching quizzes found
Score Distribution
Percent of People with Each Score
Percentile by Number Answered
Your Score History
You have not taken this quiz